000 00339nam a22001217a 4500
020 _a0-07-072051-7
082 _a808.0420285
100 _aWRESH, W ,PATTOW, D ,GIFFORD, J
_957205
245 _aWRITING FOR THE TWENTY FIRST CENTURY ,COMPUTERS AND RESEARCH WRITING
260 _aNEWYORK
_bMCGRAW HILL
_c1988
300 _a304P
942 _cBK
999 _c567497
_d567497